000 00625nam a22001817i 4500
999 _c23348
_d23348
003 AR-CdUCM
008 250805b20192019 pe||||| |||| 00| 0 spa d
040 _aMUNICIPALIDAD PROVINCIAL DEL CUSCO
_cBIBLIOTECA MUNICIPAL DEL CUSCO
041 _hspa
082 _a869.57 / L99
_bL99
100 _aLuque Rodríguez, Yuliana
_951325
245 _aFlor de Relámpago /
260 _aCusco :
_bINKSRI EDITORES
_c2019
300 _a57 páginas. :
_c19x13 cm.
505 _aPeor que una resaca -- Solo una noche -- Tirania pactada -- Ella soy yo -- Llena de envidia -- Sin espinas
942 _2ddc
_cLIBROS
945 _apbjr
_d05-08-2025